| 000 | 00428nam a22001697a 4500 | ||
|---|---|---|---|
| 003 | OSt | ||
| 008 | 230124b ||||| |||| 00| 0 eng d | ||
| 020 | _a9788126538768 | ||
| 082 | _a658.3125 LLP | ||
| 100 | _aLLOYD, Ken | ||
| 245 | _aPerformance Appraisals and Phrases For Dummies | ||
| 250 | _aEd | ||
| 260 |
_aNew Delhi _bWiley _c2013 |
||
| 300 | _a342 | ||
| 650 | _aPerformance Ap[praisals and Phrases | ||
| 942 |
_2ddc _cREF |
||
| 999 |
_c11729 _d11729 |
||